Efectividad de la terapia ECMO en el manejo de los pacientes complicados de covid-19: Una revisión sistemática (Registro nro. 626)

Detalles MARC
000 -LEADER
fixed length control field 02557nmm a2200301 a 4500
003 - CONTROL NUMBER IDENTIFIER
control field CO-CtgCURN
005 - DATE AND TIME OF LATEST TRANSACTION
control field 20250721150822.0
008 - FIXED-LENGTH DATA ELEMENTS--GENERAL INFORMATION
fixed length control field 230420s9999 xx f 000 0 und d
040 ## - CATALOGING SOURCE
Original cataloging agency CO-CtgCURN
Language of cataloging spa
Transcribing agency coctgcurn
082 ## - DEWEY DECIMAL CLASSIFICATION NUMBER
Classification number ENF 2022
Item number B276e
100 ## - MAIN ENTRY--PERSONAL NAME
Personal name Barrios Díaz, Anyelis Paola
Relator term autora
9 (RLIN) 7062
245 #0 - TITLE STATEMENT
Title Efectividad de la terapia ECMO en el manejo de los pacientes complicados de covid-19: Una revisión sistemática
Medium [electronic resource] /
Statement of responsibility, etc. Anyelis Paola Barrios Díaz; Aldair Ricardo Caliz García; Ivonne del Carmen Hernández De Ávila; Criselys Torres Sanjuán; tutor., Hernando José Gutiérrez Jaramillo
260 ## - PUBLICATION, DISTRIBUTION, ETC.
Place of publication, distribution, etc. Barranquilla, Atlántico :
Name of publisher, distributor, etc. Corporación Universitaria Rafael Núñez,
Date of publication, distribution, etc. 2022
300 ## - PHYSICAL DESCRIPTION
Extent 1 recurso en línea (57 páginas (PDF)) :
Other physical details tablas, gráficas
502 ## - DISSERTATION NOTE
Dissertation note Trabajo de Grado (Enfermera). Corporación Universitaria Rafael Núñez. Facultad de Ciencias de la Salud. Programa de Enfermería, 2022
504 ## - BIBLIOGRAPHY, ETC. NOTE
Bibliography, etc. note Incluye referencias bibliográficas
520 ## - SUMMARY, ETC.
Summary, etc. La Organización Mundial de la Salud - OMS, indica que el COVID-19 es una enfermedad causada por el nuevo coronavirus conocido como SARS-CoV-2, la cual, manifiesta una amplia variedad de signos y síntomas, estos incluyen: Fiebre, tos, dificultad para respirar, fatiga, dolor de cabeza, congestión nasal, entre otros, estos se relacionan con el periodo de incubación estimado entre 2 y 14 días, con una media de 5 días. Sin embargo, algunas personas infectadas son asintomáticas, los pacientes con COVID-19 tienen síntomas moderados y se recuperan rápidamente, pero algunos de ellos desarrollan insuficiencia respiratoria grave y síndrome de dificultad respiratoria aguda (SDRA) que requieren ingreso en cuidados intensivos. Es por ello que se recomienda el uso de terapias de oxigenación por membrana extracorpórea (ECMO) como terapia de apoyo.
521 ## - TARGET AUDIENCE NOTE
Target audience note AREA PROFESIONAL
590 ## - LOCAL NOTE (RLIN)
Local note Programa de Enfermería_27
650 ## - SUBJECT ADDED ENTRY--TOPICAL TERM
Topical term or geographic name entry element Enfermería
Form subdivision Tesis y disertaciones académicas
9 (RLIN) 7063
700 ## - ADDED ENTRY--PERSONAL NAME
Personal name Caliz García, Aldair Ricardo
Relator term autor
9 (RLIN) 7064
700 ## - ADDED ENTRY--PERSONAL NAME
Personal name Gutiérrez Jaramillo, Hernando José
Relator term tutor
9 (RLIN) 7065
700 ## - ADDED ENTRY--PERSONAL NAME
Personal name Hernández De Ávila, Ivonne Del Carmen
Relator term autora
9 (RLIN) 7066
700 ## - ADDED ENTRY--PERSONAL NAME
Personal name Torres Sanjuán, Criselys
Relator term autora
9 (RLIN) 7067
856 ## - ELECTRONIC LOCATION AND ACCESS
Uniform Resource Identifier <a href="https://unicurn.sharepoint.com/:b:/s/biblioteca/ETGnBjctQEVLpcBSS0GG2A0BPdM2Cc6OnyR5OPYcRDaGuw?e=RuvXUe">https://unicurn.sharepoint.com/:b:/s/biblioteca/ETGnBjctQEVLpcBSS0GG2A0BPdM2Cc6OnyR5OPYcRDaGuw?e=RuvXUe</a>
Link text Consulte aquí el texto completo
942 ## - ADDED ENTRY ELEMENTS (KOHA)
Koha item type Trabajos de grado
Classification part ENF 2022
Item part B276e
Source of classification or shelving scheme Dewey Decimal Classification
Suppress in OPAC No
Existencias
Withdrawn status Lost status Source of classification or shelving scheme Damaged status Not for loan Collection Home library Current library Shelving location Date acquired Inventory number Total checkouts Full call number Barcode Date last seen Copy number Price effective from Koha item type
    Dewey Decimal Classification     Trabajos de grado Miguel Henríquez Castañeda Barranquilla Miguel Henríquez Castañeda Barranquilla Trabajo de grado 12/05/2022 05245   ENF 2022 B276e 05245 04/20/2023 ej.1 04/20/2023 Trabajos de grado